000
00307nam a2200133Ia 4500
005
20251222142030.0
008
251222s9999||||xx |||||||||||||| ||spa||
020
_a
84-301-1349-5
082
_a
234.3/T46
100
_a
Theissen, Gerd
245
0
_a
El Jesús Histórico:
264
_b
Sigueme
942
_c
LIB
999
_c
10939
_d
10939